[Event "EJCOA IM 3rd"]
[Site "Ilkley"]
[Date "2022.02.23"]
[Round "1.1"]
[White "Camacho Collados, Jose"]
[Black "Urh, Zala"]
[Result "0-1"]
[WhiteElo "2400"]
[BlackElo "2307"]
[PlyCount "92"]
[EventDate "2022.02.23"]
[EventType "tourn"]
[EventRounds "9"]
[EventCountry "ENG"]
[EventCategory "4"]
[SourceTitle "BritBase"]
[Source "John Saunders"]
[SourceDate "2021.06.05"]
[SourceVersion "1"]
[SourceVersionDate "2021.06.05"]
[SourceQuality "1"]

1. Nf3 d5 2. g3 Bg4 3. Bg2 c6 4. O-O Nd7 5. h3 Bh5 6. d3 Ngf6 7. c4 e6 8. cxd5
cxd5 9. Qb3 Qb6 10. Qc2 Be7 11. Be3 Qa5 12. Rc1 O-O 13. Qc7 Qa6 14. a4 Bd6 15.
Qc3 e5 16. b4 d4 17. b5 Qb6 18. Nxd4 exd4 19. Bxd4 Qd8 20. Bxb7 Rb8 21. Bc6 Qc7
22. Qd2 Rbc8 23. Na3 Qb8 24. Nc4 Bc5 25. Bxc5 Nxc5 26. Rcb1 Rfd8 27. a5 Ne6 28.
f4 Nd4 29. g4 Nxg4 30. hxg4 Bxg4 31. Ne5 Bxe2 32. Ra4 Bh5 33. Rbb4 Ne2+ 34. Kf2
Qd6 35. Bf3 Bxf3 36. Nxf3 Nc3 37. Rd4 Nd5 38. Rac4 Rc5 39. Qe2 Rxb5 40. Qe5 Qd7
41. Rc7 Qh3 42. Re4 Nxc7 43. Qxc7 Rb2+ 44. Ke3 Qc8 45. Qe5 Qc1+ 46. Nd2 Qxd2+
0-1

[Event "EJCOA IM 3rd"]
[Site "Ilkley"]
[Date "2022.02.23"]
[Round "1.2"]
[White "Royal, Shreyas"]
[Black "Ashton, Adam"]
[Result "1/2-1/2"]
[WhiteElo "2272"]
[BlackElo "2379"]
[PlyCount "58"]
[EventDate "2022.02.23"]
[EventType "tourn"]
[EventRounds "9"]
[EventCountry "ENG"]
[EventCategory "4"]
[SourceTitle "BritBase"]
[Source "John Saunders"]
[SourceDate "2021.06.05"]
[SourceVersion "1"]
[SourceVersionDate "2021.06.05"]
[SourceQuality "1"]

1. d4 d5 2. c4 e6 3. Nf3 Nf6 4. g3 dxc4 5. Bg2 Nc6 6. Qa4 Bd7 7. Qxc4 Na5 8.
Qc2 Rc8 9. O-O c5 10. Nc3 cxd4 11. Nxd4 Bb4 12. Qd3 O-O 13. Rd1 Bxc3 14. bxc3
Ba4 15. Re1 Qc7 16. Bg5 Rfd8 17. Bxf6 gxf6 18. Qf3 f5 19. Qe3 f4 20. Qf3 Qxc3
21. Qg4+ Kh8 22. e3 fxe3 23. fxe3 Nc4 24. Qf4 Nxe3 25. Qf6+ Kg8 26. Qg5+ Kh8
27. Qf6+ Kg8 28. Qg5+ Kh8 29. Qf6+ Kg8 1/2-1/2

[Event "EJCOA IM 3rd"]
[Site "Ilkley"]
[Date "2022.02.23"]
[Round "1.3"]
[White "Eggleston, David"]
[Black "Macklin, Paul"]
[Result "0-1"]
[WhiteElo "2343"]
[BlackElo "2341"]
[PlyCount "89"]
[EventDate "2022.02.23"]
[EventType "tourn"]
[EventRounds "9"]
[EventCountry "ENG"]
[EventCategory "4"]
[SourceTitle "BritBase"]
[Source "John Saunders"]
[SourceDate "2021.06.05"]
[SourceVersion "1"]
[SourceVersionDate "2021.06.05"]
[SourceQuality "1"]

1. e4 c5 2. Nf3 d6 3. d4 cxd4 4. Nxd4 Nf6 5. Nc3 a6 6. Be3 e5 7. Nf3 Be7 8. Bc4
O-O 9. O-O Nc6 10. h3 Be6 11. Bb3 Na5 12. Qd3 Nxb3 13. axb3 Qc7 14. Rfd1 h6 15.
Nd2 Rac8 16. Rac1 b5 17. Nf1 Qb7 18. Ng3 Rfe8 19. Nd5 Bd8 20. Nxf6+ Bxf6 21.
Nh5 Bg5 22. Bxg5 hxg5 23. Qe3 Qe7 24. Qb6 g4 25. h4 Qxh4 26. Ng3 Qg5 27. Qxa6
Bxb3 28. Qxb5 Bc4 29. Qb6 Be6 30. Qb4 Rb8 31. Qa3 Rec8 32. b3 g6 33. c4 Rc6 34.
Rc3 Kg7 35. Rcd3 Rcb6 36. Qa2 Qf4 37. Qc2 R6b7 38. Re3 Rb6 39. Ra1 Rh8 40. Rd3
Rhb8 41. Ra7 Rh8 42. Qd1 Bxc4 43. bxc4 Rb2 44. Qe1 Qh6 45. Qe3 0-1

[Event "EJCOA IM 3rd"]
[Site "Ilkley"]
[Date "2022.02.23"]
[Round "1.4"]
[White "Willow, Jonah B"]
[Black "Mannion, Stephen R"]
[Result "1-0"]
[WhiteElo "2365"]
[BlackElo "2281"]
[PlyCount "74"]
[EventDate "2022.02.23"]
[EventType "tourn"]
[EventRounds "9"]
[EventCountry "ENG"]
[EventCategory "4"]
[SourceTitle "BritBase"]
[Source "John Saunders"]
[SourceDate "2021.06.05"]
[SourceVersion "1"]
[SourceVersionDate "2021.06.05"]
[SourceQuality "1"]

1. e4 e5 2. Nf3 Nc6 3. Bc4 Bc5 4. c3 Nf6 5. d4 exd4 6. b4 Bb6 7. e5 d5 8. exf6
dxc4 9. Qe2+ Be6 10. b5 d3 11. Qe4 Nb4 12. O-O Qd5 13. fxg7 Rg8 14. Qxh7 O-O-O
15. Bg5 Bf5 16. Qh4 Nc2 17. Bxd8 Qxd8 18. Qxd8+ Rxd8 19. Nbd2 Ba5 20. Nxc4 Bxc3
21. Rad1 Bxg7 22. Ne3 Be6 23. Nxc2 dxc2 24. Rxd8+ Kxd8 25. Rc1 Bf5 26. Ne1 Bb2
27. Rxc2 Bxc2 28. Nxc2 Kd7 29. Ne3 c6 30. bxc6+ Kxc6 31. Kf1 b5 32. Ke2 a5 33.
Kd3 Kc5 34. h4 a4 35. Kc2 Bf6 36. h5 b4 37. h6 Kd4 1-0

[Event "EJCOA IM 3rd"]
[Site "Ilkley"]
[Date "2022.02.23"]
[Round "1.5"]
[White "Claridge-Hansen, William"]
[Black "Han, Yichen"]
[Result "1/2-1/2"]
[WhiteElo "2338"]
[BlackElo "2347"]
[PlyCount "46"]
[EventDate "2022.02.23"]
[EventType "tourn"]
[EventRounds "9"]
[EventCountry "ENG"]
[EventCategory "4"]
[SourceTitle "BritBase"]
[Source "John Saunders"]
[SourceDate "2021.06.05"]
[SourceVersion "1"]
[SourceVersionDate "2021.06.05"]
[SourceQuality "1"]

1. c4 Nf6 2. Nc3 c6 3. Nf3 d5 4. e3 e6 5. b3 Nbd7 6. Qc2 Bd6 7. Bb2 O-O 8. Rg1
e5 9. cxd5 Nxd5 10. Ne4 Bc7 11. Neg5 g6 12. h4 Qe7 13. a3 N7f6 14. Bd3 h6 15.
Ne4 Nxe4 16. Bxe4 Nf6 17. g4 Nxe4 18. Qxe4 Re8 19. d4 Be6 20. dxe5 Bd5 21. Qf4
Bxf3 22. Qxf3 Bxe5 23. O-O-O Rad8 1/2-1/2

[Event "EJCOA IM 3rd"]
[Site "Ilkley"]
[Date "2022.02.24"]
[Round "2.1"]
[White "Urh, Zala"]
[Black "Ashton, Adam"]
[Result "1/2-1/2"]
[WhiteElo "2307"]
[BlackElo "2379"]
[PlyCount "96"]
[EventDate "2022.02.23"]
[EventType "tourn"]
[EventRounds "9"]
[EventCountry "ENG"]
[EventCategory "4"]
[SourceTitle "BritBase"]
[Source "John Saunders"]
[SourceDate "2021.06.05"]
[SourceVersion "1"]
[SourceVersionDate "2021.06.05"]
[SourceQuality "1"]

1. d4 d5 2. c4 e6 3. Nc3 Nf6 4. cxd5 exd5 5. Bg5 c6 6. e3 Be7 7. Bd3 Nbd7 8.
Nge2 O-O 9. O-O Re8 10. Qc2 Nf8 11. f3 g6 12. Bh4 Ne6 13. Rad1 b5 14. Bf2 b4
15. Na4 Bb7 16. h3 Qa5 17. e4 Rac8 18. Rc1 Nd7 19. Qb3 c5 20. exd5 Nxd4 21.
Nxd4 cxd4 22. Rxc8 Rxc8 23. Bxd4 Bxd5 24. Qd1 Bf6 25. Bxf6 Nxf6 26. b3 Bc6 27.
Qa1 Nh5 28. Rc1 Qg5 29. Bf1 Bd7 30. Rxc8+ Bxc8 31. Qd4 Bxh3 32. Qc5 Qg3 33.
Qxa7 Nf4 34. Qf2 Qg5 35. Kh2 Bf5 36. Nc5 h5 37. g3 Nd5 38. Bc4 Ne3 39. Be2 Bb1
40. Nd3 Bxd3 41. Bxd3 Nd1 42. Qe1 Nc3 43. Bc4 Qf6 44. Qf2 Kg7 45. Kg2 Qf5 46.
Qd4+ Qf6 47. Qf2 Qe5 48. Qa7 Qf6 1/2-1/2

[Event "EJCOA IM 3rd"]
[Site "Ilkley"]
[Date "2022.02.24"]
[Round "2.2"]
[White "Han, Yichen"]
[Black "Royal, Shreyas"]
[Result "1/2-1/2"]
[WhiteElo "2347"]
[BlackElo "2272"]
[PlyCount "32"]
[EventDate "2022.02.23"]
[EventType "tourn"]
[EventRounds "9"]
[EventCountry "ENG"]
[EventCategory "4"]
[SourceTitle "BritBase"]
[Source "John Saunders"]
[SourceDate "2021.06.05"]
[SourceVersion "1"]
[SourceVersionDate "2021.06.05"]
[SourceQuality "1"]

1. e4 e5 2. Nf3 Nc6 3. Bc4 Bc5 4. d3 Nf6 5. a4 a6 6. O-O O-O 7. Bg5 d6 8. Nc3
h6 9. Bh4 Nd4 10. Nxd4 Bxd4 11. Bxf6 Qxf6 12. Nd5 Qd8 13. c3 Ba7 14. Ne3 Qg5
15. Qf3 Be6 16. Qg3 Qxg3 1/2-1/2

[Event "EJCOA IM 3rd"]
[Site "Ilkley"]
[Date "2022.02.24"]
[Round "2.3"]
[White "Mannion, Stephen R"]
[Black "Claridge-Hansen, William"]
[Result "1-0"]
[WhiteElo "2281"]
[BlackElo "2338"]
[PlyCount "63"]
[EventDate "2022.02.23"]
[EventType "tourn"]
[EventRounds "9"]
[EventCountry "ENG"]
[EventCategory "4"]
[SourceTitle "BritBase"]
[Source "John Saunders"]
[SourceDate "2021.06.05"]
[SourceVersion "1"]
[SourceVersionDate "2021.06.05"]
[SourceQuality "1"]

1. e4 c6 2. d4 d5 3. e5 c5 4. Nf3 Bg4 5. Nbd2 Nc6 6. h3 Bxf3 7. Nxf3 cxd4 8.
Bd3 e6 9. O-O Bc5 10. a3 Qc7 11. b4 Bb6 12. Re1 Nge7 13. Qe2 Rc8 14. h4 a5 15.
Bd2 h6 16. h5 Ra8 17. g3 g6 18. hxg6 Nxg6 19. Kg2 axb4 20. axb4 Rxa1 21. Rxa1
Qb8 22. Rh1 Ncxe5 23. Bxg6 Bc7 24. Nxe5 Bxe5 25. Bf4 Bxf4 26. Qxe6+ Kd8 27.
Qf6+ Kd7 28. Bf5+ Kc7 29. gxf4 Rg8+ 30. Kf3 Qe8 31. Rxh6 Qf8 32. Qe5+ 1-0

[Event "EJCOA IM 3rd"]
[Site "Ilkley"]
[Date "2022.02.24"]
[Round "2.4"]
[White "Macklin, Paul"]
[Black "Willow, Jonah B"]
[Result "1/2-1/2"]
[WhiteElo "2341"]
[BlackElo "2365"]
[PlyCount "126"]
[EventDate "2022.02.23"]
[EventType "tourn"]
[EventRounds "9"]
[EventCountry "ENG"]
[EventCategory "4"]
[SourceTitle "BritBase"]
[Source "John Saunders"]
[SourceDate "2021.06.05"]
[SourceVersion "1"]
[SourceVersionDate "2021.06.05"]
[SourceQuality "1"]

1. e4 c5 2. Nf3 Nc6 3. Bb5 g6 4. Bxc6 dxc6 5. d3 Bg7 6. h3 e5 7. a4 a5 8. Be3
b6 9. Na3 Ne7 10. Nc4 Qc7 11. b4 b5 12. axb5 cxb5 13. Nxa5 cxb4 14. Nb3 Rxa1
15. Nxa1 Be6 16. O-O O-O 17. Qb1 Qd6 18. Nb3 Rc8 19. Ng5 Bd7 20. f4 exf4 21.
Bxf4 Qb6+ 22. Kh1 Be8 23. Qd1 Nc6 24. Qg4 Qd8 25. Nf3 Bd7 26. Qg3 Be6 27. Bd6
Na5 28. Nbd4 b3 29. cxb3 Nxb3 30. Be5 Nxd4 31. Nxd4 Rc5 32. Bxg7 Kxg7 33. Qf2
Qe7 34. Qb2 Kg8 35. Ra1 Qb7 36. Nxe6 fxe6 37. Qd4 Qc8 38. Qb2 Qf8 39. d4 Rc4
40. d5 exd5 41. Qxb5 Qc5 42. Qe8+ Kg7 43. Qe5+ Kh6 44. Qf4+ Kg7 45. Qe5+ Kh6
46. exd5 Qd4 47. Re1 Qxe5 48. Rxe5 Rd4 49. Kh2 Kg7 50. Kg3 Kf6 51. Re6+ Kf7 52.
Rd6 Ke7 53. Ra6 Rxd5 54. Ra7+ Kf6 55. Rxh7 Rd3+ 56. Kg4 Rd4+ 57. Kf3 Rd3+ 58.
Ke2 Rg3 59. Kf2 Ra3 60. Rd7 Ra2+ 61. Kf3 Ra3+ 62. Ke4 Rg3 63. Rd2 Kg5 1/2-1/2

[Event "EJCOA IM 3rd"]
[Site "Ilkley"]
[Date "2022.02.24"]
[Round "2.5"]
[White "Camacho Collados, Jose"]
[Black "Eggleston, David"]
[Result "1-0"]
[WhiteElo "2400"]
[BlackElo "2343"]
[PlyCount "85"]
[EventDate "2022.02.23"]
[EventType "tourn"]
[EventRounds "9"]
[EventCountry "ENG"]
[EventCategory "4"]
[SourceTitle "BritBase"]
[Source "John Saunders"]
[SourceDate "2021.06.05"]
[SourceVersion "1"]
[SourceVersionDate "2021.06.05"]
[SourceQuality "1"]

1. Nf3 Nf6 2. g3 e6 3. Bg2 d5 4. O-O Be7 5. d3 O-O 6. Nbd2 c5 7. e4 Nc6 8. Re1
b5 9. e5 Nd7 10. Nf1 Qc7 11. Bf4 Bb7 12. Ne3 Rfc8 13. Nxd5 exd5 14. e6 Bd6 15.
Bxd6 Qxd6 16. exd7 Qxd7 17. a4 b4 18. a5 a6 19. d4 c4 20. Ne5 Nxe5 21. Rxe5 Re8
22. Qe1 Qb5 23. Qe3 h6 24. Re1 Rxe5 25. dxe5 Qxa5 26. e6 Qc7 27. exf7+ Qxf7 28.
Qc5 Re8 29. Rxe8+ Qxe8 30. Qxb4 Qb5 31. Qc3 a5 32. h4 a4 33. Qe5 Qd7 34. h5 Bc6
35. c3 Qf7 36. Qd6 Qb7 37. Bh3 Be8 38. Bg4 Bf7 39. Qd8+ Kh7 40. Bc8 Qc6 41.
Bf5+ g6 42. hxg6+ Bxg6 43. Qe7+ 1-0

[Event "EJCOA IM 3rd"]
[Site "Ilkley"]
[Date "2022.02.24"]
[Round "3.1"]
[White "Eggleston, David"]
[Black "Urh, Zala"]
[Result "0-1"]
[WhiteElo "2343"]
[BlackElo "2307"]
[PlyCount "58"]
[EventDate "2022.02.23"]
[EventType "tourn"]
[EventRounds "9"]
[EventCountry "ENG"]
[EventCategory "4"]
[SourceTitle "BritBase"]
[Source "John Saunders"]
[SourceDate "2021.06.05"]
[SourceVersion "1"]
[SourceVersionDate "2021.06.05"]
[SourceQuality "1"]

1. d4 Nf6 2. c4 e6 3. Nc3 d5 4. cxd5 exd5 5. Bg5 c6 6. e3 Be7 7. Bd3 Nbd7 8.
Qc2 h6 9. Bh4 Nh5 10. Bxe7 Qxe7 11. Nge2 O-O 12. g4 Nhf6 13. h3 Re8 14. Ng3 c5
15. Nf5 Qf8 16. dxc5 Nxc5 17. O-O-O Nxd3+ 18. Rxd3 Bxf5 19. gxf5 Rac8 20. Kb1
Qe7 21. Qe2 Qc5 22. Qf3 b5 23. Rdd1 Rc6 24. Rhg1 Ne4 25. Nxd5 Qc2+ 26. Ka1 Nd2
27. Ne7+ Rxe7 28. Qd5 Rd7 29. Qxb5 Nb3+ 0-1

[Event "EJCOA IM 3rd"]
[Site "Ilkley"]
[Date "2022.02.24"]
[Round "3.2"]
[White "Willow, Jonah B"]
[Black "Camacho Collados, Jose"]
[Result "1/2-1/2"]
[WhiteElo "2365"]
[BlackElo "2400"]
[PlyCount "111"]
[EventDate "2022.02.23"]
[EventType "tourn"]
[EventRounds "9"]
[EventCountry "ENG"]
[EventCategory "4"]
[SourceTitle "BritBase"]
[Source "John Saunders"]
[SourceDate "2021.06.05"]
[SourceVersion "1"]
[SourceVersionDate "2021.06.05"]
[SourceQuality "1"]

1. e4 c6 2. d4 d5 3. e5 c5 4. dxc5 e6 5. Be3 Nd7 6. c4 Bxc5 7. Bxc5 Nxc5 8.
cxd5 exd5 9. Qd4 Ne6 10. Bb5+ Kf8 11. Qd2 Ne7 12. Nf3 h6 13. O-O g6 14. Nc3 a6
15. Ba4 b5 16. Bb3 Bb7 17. Rad1 Rc8 18. Nxd5 Nxd5 19. Bxd5 Bxd5 20. Qxd5 Qxd5
21. Rxd5 Rc2 22. Rd2 Rxd2 23. Nxd2 Ke7 24. Nb3 Rd8 25. g3 g5 26. Kg2 a5 27.
Nxa5 Rd2 28. b4 g4 29. a3 Nd4 30. Re1 Nf3 31. Rc1 Ke6 32. Nb3 Ra2 33. h3 h5 34.
Nc5+ Kxe5 35. Nd3+ Kd4 36. Nf4 Ng5 37. Rd1+ Kc4 38. hxg4 hxg4 39. Nd5 Ne4 40.
Ne3+ Kb3 41. Rd3+ Ka4 42. Nd5 Rxa3 43. Nb6+ Kxb4 44. Nd5+ Kc4 45. Rxa3 Kxd5 46.
f3 gxf3+ 47. Kxf3 f5 48. Kf4 b4 49. Ra5+ Kc4 50. Rxf5 Nxg3 51. Kxg3 b3 52. Rf1
b2 53. Kf3 Kd3 54. Rb1 Kc2 55. Rxb2+ Kxb2 56. Ke4 1/2-1/2

[Event "EJCOA IM 3rd"]
[Site "Ilkley"]
[Date "2022.02.24"]
[Round "3.3"]
[White "Claridge-Hansen, William"]
[Black "Macklin, Paul"]
[Result "1/2-1/2"]
[WhiteElo "2338"]
[BlackElo "2341"]
[PlyCount "110"]
[EventDate "2022.02.23"]
[EventType "tourn"]
[EventRounds "9"]
[EventCountry "ENG"]
[EventCategory "4"]
[SourceTitle "BritBase"]
[Source "John Saunders"]
[SourceDate "2021.06.05"]
[SourceVersion "1"]
[SourceVersionDate "2021.06.05"]
[SourceQuality "1"]

1. c4 Nf6 2. g3 g6 3. Bg2 Bg7 4. Nc3 O-O 5. e4 d6 6. Nge2 c5 7. d3 Nc6 8. O-O
Rb8 9. Rb1 a6 10. a4 Bg4 11. f3 Bd7 12. Be3 Ne8 13. d4 cxd4 14. Nxd4 Nxd4 15.
Bxd4 b5 16. cxb5 axb5 17. b3 bxa4 18. Bxg7 Nxg7 19. bxa4 Rxb1 20. Qxb1 Ne6 21.
Qb4 Bc6 22. Rb1 Qa8 23. Bf1 Nc5 24. a5 Rc8 25. Bc4 e6 26. Rd1 Rb8 27. Qa3 Qa7
28. Kg2 Qe7 29. Rd2 g5 30. g4 h5 31. h3 h4 32. Rb2 Ra8 33. Ne2 Qc7 34. Qe3 f6
35. a6 Kg7 36. Ra2 Bd7 37. Qd4 Kf7 38. Kg1 Ke7 39. f4 Qa7 40. Kh2 e5 41. fxe5
dxe5 42. Qe3 Bc6 43. Bd5 Bxd5 44. exd5 Nd7 45. Qf3 Rc8 46. Nc3 Qd4 47. Ne4 Qxd5
48. Rd2 Qc6 49. a7 Ra8 50. Qa3+ Kf7 51. Nd6+ Kg6 52. Qd3+ e4 53. Qf1 Ne5 54.
Qf5+ Kg7 55. Nxe4 Rxa7 1/2-1/2

[Event "EJCOA IM 3rd"]
[Site "Ilkley"]
[Date "2022.02.24"]
[Round "3.4"]
[White "Royal, Shreyas"]
[Black "Mannion, Stephen R"]
[Result "1/2-1/2"]
[WhiteElo "2272"]
[BlackElo "2281"]
[PlyCount "45"]
[EventDate "2022.02.23"]
[EventType "tourn"]
[EventRounds "9"]
[EventCountry "ENG"]
[EventCategory "4"]
[SourceTitle "BritBase"]
[Source "John Saunders"]
[SourceDate "2021.06.05"]
[SourceVersion "1"]
[SourceVersionDate "2021.06.05"]
[SourceQuality "1"]

1. d4 d5 2. c4 dxc4 3. Nf3 Nf6 4. e3 e6 5. Bxc4 c5 6. O-O a6 7. b3 cxd4 8. Nxd4
Bd6 9. Bb2 O-O 10. Nd2 e5 11. N4f3 Nc6 12. Be2 Be6 13. Nc4 Bxc4 14. Bxc4 Qe7
15. Nd2 Rad8 16. Qb1 Ba3 17. Bxa3 Qxa3 18. Ne4 Nxe4 19. Qxe4 Rd2 20. f4 exf4
21. Rxf4 Qb2 22. Rxf7 Qa3 23. Rff1+ 1/2-1/2

[Event "EJCOA IM 3rd"]
[Site "Ilkley"]
[Date "2022.02.24"]
[Round "3.5"]
[White "Ashton, Adam"]
[Black "Han, Yichen"]
[Result "1/2-1/2"]
[WhiteElo "2379"]
[BlackElo "2347"]
[PlyCount "113"]
[EventDate "2022.02.23"]
[EventType "tourn"]
[EventRounds "9"]
[EventCountry "ENG"]
[EventCategory "4"]
[SourceTitle "BritBase"]
[Source "John Saunders"]
[SourceDate "2021.06.05"]
[SourceVersion "1"]
[SourceVersionDate "2021.06.05"]
[SourceQuality "1"]

1. e4 c5 2. Nf3 e6 3. b3 b6 4. d4 cxd4 5. Nxd4 Bb7 6. Bd3 Nc6 7. Nxc6 Bxc6 8.
Bb2 Nf6 9. Qe2 Bb4+ 10. c3 Be7 11. O-O O-O 12. c4 d6 13. Nc3 a6 14. Rad1 Qb8
15. f4 b5 16. e5 bxc4 17. Bxc4 dxe5 18. fxe5 Nd7 19. Rde1 Bh4 20. Ba3 Bxe1 21.
Rxe1 Rc8 22. Bd6 Qb6+ 23. Kh1 Qd4 24. Nd1 Bb7 25. Rf1 Nc5 26. Nf2 Ne4 27. Nxe4
Qxe4 28. Qf2 Qg6 29. Qe2 Bd5 30. Rd1 Qe4 31. Qxe4 Bxe4 32. Kg1 Bd5 33. Rd4 Rc6
34. h3 Bxc4 35. bxc4 Rb6 36. c5 Rb1+ 37. Kh2 Rc8 38. Ra4 Rc6 39. Kg3 f6 40.
exf6 gxf6 41. Rg4+ Kf7 42. Rh4 Ra1 43. Rxh7+ Kg6 44. Re7 e5 45. Kf3 Rxa2 46.
Re8 a5 47. g4 Ra6 48. h4 a4 49. h5+ Kh6 50. Rf8 Kg7 51. h6+ Kxh6 52. Rxf6+ Kg7
53. g5 a3 54. Bf8+ Kg8 55. Rxa6 Kxf8 56. c6 Rc2 57. Rxa3 1/2-1/2

[Event "EJCOA IM 3rd"]
[Site "Ilkley"]
[Date "2022.02.25"]
[Round "4.1"]
[White "Urh, Zala"]
[Black "Han, Yichen"]
[Result "0-1"]
[WhiteElo "2307"]
[BlackElo "2347"]
[PlyCount "124"]
[EventDate "2022.02.23"]
[EventType "tourn"]
[EventRounds "9"]
[EventCountry "ENG"]
[EventCategory "4"]
[SourceTitle "BritBase"]
[Source "John Saunders"]
[SourceDate "2021.06.05"]
[SourceVersion "1"]
[SourceVersionDate "2021.06.05"]
[SourceQuality "1"]

1. d4 d5 2. c4 e6 3. Nc3 Nf6 4. cxd5 exd5 5. Bg5 c6 6. e3 Be7 7. Bd3 Nbd7 8.
Nge2 Nf8 9. Qc2 Ne6 10. Bh4 g6 11. f3 O-O 12. O-O b5 13. Bf2 a5 14. Rad1 Ba6
15. Kh1 Qd7 16. e4 dxe4 17. fxe4 b4 18. Na4 Bxd3 19. Qxd3 Rad8 20. Qc2 Ng5 21.
Ng3 Qg4 22. Rde1 h5 23. e5 Nd5 24. Ne4 Nf4 25. Be3 Nxg2 26. Qxg2 Qxg2+ 27. Kxg2
Nxe4 28. Bh6 Rxd4 29. Bxf8 Kxf8 30. Re2 Ng5 31. b3 Ke8 32. Nb2 h4 33. Nc4 a4
34. h3 Ne6 35. Rd2 a3 36. Rfd1 c5 37. Rxd4 Nxd4 38. Nd2 g5 39. Kf2 Kd7 40. Ke3
Ke6 41. Ke4 Ne2 42. Nb1 Nf4 43. Rh1 Ng6 44. Nd2 Nxe5 45. Rf1 Nc6 46. Rf5 f6 47.
Nc4 Nd4 48. Rf1 f5+ 49. Kd3 Nc6 50. Re1+ Kf6 51. Re2 Nd4 52. Re1 Nf3 53. Re3 g4
54. Nd2 Ne5+ 55. Ke2 g3 56. Nf3 Ng6 57. Kf1 Bd6 58. Re1 Be5 59. Rc1 Bc3 60. Rc2
Ke6 61. Ng5+ Kd5 62. Nf7 Nf4 0-1

[Event "EJCOA IM 3rd"]
[Site "Ilkley"]
[Date "2022.02.25"]
[Round "4.2"]
[White "Mannion, Stephen R"]
[Black "Ashton, Adam"]
[Result "1/2-1/2"]
[WhiteElo "2281"]
[BlackElo "2379"]
[PlyCount "47"]
[EventDate "2022.02.23"]
[EventType "tourn"]
[EventRounds "9"]
[EventCountry "ENG"]
[EventCategory "4"]
[SourceTitle "BritBase"]
[Source "John Saunders"]
[SourceDate "2021.06.05"]
[SourceVersion "1"]
[SourceVersionDate "2021.06.05"]
[SourceQuality "1"]

1. e4 e5 2. Nf3 Nc6 3. Bb5 a6 4. Ba4 Nf6 5. O-O Be7 6. Re1 b5 7. Bb3 O-O 8. d4
Nxd4 9. Nxd4 exd4 10. e5 Ne8 11. c3 c5 12. cxd4 c4 13. Bc2 d5 14. Nc3 Nc7 15.
Be3 b4 16. Ne2 a5 17. Ng3 f5 18. exf6 Bxf6 19. Nh5 Ra6 20. Qb1 g6 21. Bxg6 hxg6
22. Qxg6+ Kh8 23. Qh6+ Kg8 24. Qg6+ 1/2-1/2

[Event "EJCOA IM 3rd"]
[Site "Ilkley"]
[Date "2022.02.25"]
[Round "4.3"]
[White "Macklin, Paul"]
[Black "Royal, Shreyas"]
[Result "0-1"]
[WhiteElo "2341"]
[BlackElo "2272"]
[PlyCount "84"]
[EventDate "2022.02.23"]
[EventType "tourn"]
[EventRounds "9"]
[EventCountry "ENG"]
[EventCategory "4"]
[SourceTitle "BritBase"]
[Source "John Saunders"]
[SourceDate "2021.06.05"]
[SourceVersion "1"]
[SourceVersionDate "2021.06.05"]
[SourceQuality "1"]

1. e4 e5 2. Nf3 Nc6 3. Bc4 Bc5 4. c3 Nf6 5. d3 d6 6. O-O O-O 7. h3 a6 8. a4 Ba7
9. Re1 h6 10. Nbd2 Re8 11. b4 Be6 12. Bxe6 Rxe6 13. Qc2 Qd7 14. Nb3 Nh5 15. Kh2
Ne7 16. d4 Rf8 17. g4 Rf6 18. Qe2 Nf4 19. Bxf4 Rxf4 20. b5 Ng6 21. Rad1 Re8 22.
Nbd2 exd4 23. cxd4 d5 24. Qd3 axb5 25. axb5 dxe4 26. Nxe4 Rf8 27. Ng3 Qd5 28.
Re4 Rxe4 29. Qxe4 Rd8 30. Re1 Qxe4 31. Rxe4 Rd5 32. Re8+ Kh7 33. Nf5 Rxb5 34.
Rd8 c6 35. Nd6 Rb3 36. Ne5 Bxd4 37. Nexf7 Bxf2 38. Ne4 Bh4 39. Re8 Rf3 40. Ned6
Bg3+ 41. Kg1 Bxd6 42. Nxd6 Rxh3 0-1

[Event "EJCOA IM 3rd"]
[Site "Ilkley"]
[Date "2022.02.25"]
[Round "4.4"]
[White "Camacho Collados, Jose"]
[Black "Claridge-Hansen, William"]
[Result "1-0"]
[WhiteElo "2400"]
[BlackElo "2338"]
[PlyCount "68"]
[EventDate "2022.02.23"]
[EventType "tourn"]
[EventRounds "9"]
[EventCountry "ENG"]
[EventCategory "4"]
[SourceTitle "BritBase"]
[Source "John Saunders"]
[SourceDate "2021.06.05"]
[SourceVersion "1"]
[SourceVersionDate "2021.06.05"]
[SourceQuality "1"]

1. Nf3 c5 2. g3 Nc6 3. Bg2 g6 4. c4 Bg7 5. Nc3 d6 6. O-O e5 7. a3 Nge7 8. b4 e4
9. Ne1 f5 10. Rb1 Be6 11. Bb2 Bxc4 12. d3 exd3 13. Nxd3 cxb4 14. axb4 Qd7 15.
Nf4 O-O 16. b5 Ne5 17. Ncd5 Kh8 18. b6 Nxd5 19. Nxd5 a6 20. Rc1 Rac8 21. Nc7
Bf7 22. Qd2 Rfd8 23. Rfd1 Bb3 24. Re1 Qf7 25. Bxb7 Rb8 26. Bd5 Bxd5 27. Nxd5 h5
28. Rc7 Rd7 29. Rec1 Rb7 30. Rxb7 Rxb7 31. Rc7 Rxc7 32. bxc7 Qd7 33. Qc1 Nc6
34. Qh6+ Kg8 1-0

[Event "EJCOA IM 3rd"]
[Site "Ilkley"]
[Date "2022.02.25"]
[Round "4.5"]
[White "Eggleston, David"]
[Black "Willow, Jonah B"]
[Result "1/2-1/2"]
[WhiteElo "2343"]
[BlackElo "2365"]
[PlyCount "35"]
[EventDate "2022.02.23"]
[EventType "tourn"]
[EventRounds "9"]
[EventCountry "ENG"]
[EventCategory "4"]
[SourceTitle "BritBase"]
[Source "John Saunders"]
[SourceDate "2021.06.05"]
[SourceVersion "1"]
[SourceVersionDate "2021.06.05"]
[SourceQuality "1"]

1. e4 e5 2. Nf3 Nc6 3. Bb5 a6 4. Ba4 d6 5. Bxc6+ bxc6 6. d4 exd4 7. Nxd4 c5 8.
Nf3 Nf6 9. O-O Be7 10. e5 dxe5 11. Qxd8+ Kxd8 12. Nxe5 Be6 13. Nc6+ Kd7 14.
Nxe7 Kxe7 15. Bg5 Rab8 16. b3 c4 17. Nc3 h6 18. Be3 1/2-1/2

[Event "EJCOA IM 3rd"]
[Site "Ilkley"]
[Date "2022.02.25"]
[Round "5.1"]
[White "Willow, Jonah B"]
[Black "Urh, Zala"]
[Result "1-0"]
[WhiteElo "2365"]
[BlackElo "2307"]
[PlyCount "65"]
[EventDate "2022.02.23"]
[EventType "tourn"]
[EventRounds "9"]
[EventCountry "ENG"]
[EventCategory "4"]
[SourceTitle "BritBase"]
[Source "John Saunders"]
[SourceDate "2021.06.05"]
[SourceVersion "1"]
[SourceVersionDate "2021.06.05"]
[SourceQuality "1"]

1. Nf3 Nf6 2. g3 d5 3. Bg2 c5 4. O-O Nc6 5. d4 e6 6. c4 dxc4 7. dxc5 Qxd1 8.
Rxd1 Bxc5 9. Nbd2 c3 10. bxc3 O-O 11. Nb3 Bb6 12. c4 e5 13. Bb2 Re8 14. Rac1
Bf5 15. c5 Bc7 16. Nfd2 Rad8 17. Nc4 e4 18. Nd6 Bxd6 19. cxd6 Nd7 20. Rd5 Be6
21. Rb5 Nb6 22. Nc5 Rxd6 23. Nxe4 Rdd8 24. Rg5 Nd4 25. Bxd4 Rxd4 26. Nf6+ Kf8
27. Nxe8 Kxe8 28. Rxg7 Bxa2 29. Bxb7 a5 30. Ra1 Rd2 31. Rg5 a4 32. Rb5 Nc4 33.
Bd5 1-0